000 00253nam a2200109Ia 4500
008 200302s9999 xx 000 0 und d
100 _aFang Lili
245 _aChinese Ceramics
260 _bCambridge University Press
260 _c2011
300 _a150 P.,
999 _c4095
_d4095